Introduction to algebraic geometry / (Record no. 8754)

MARC details
000 -LEADER
fixed length control field 01084cam a22002897a 4500
001 - CONTROL NUMBER
control field 14974731
003 - CONTROL NUMBER IDENTIFIER
control field OSt
005 - DATE AND TIME OF LATEST TRANSACTION
control field 20240624130212.0
008 - FIXED-LENGTH DATA ELEMENTS--GENERAL INFORMATION
fixed length control field 070821s2007 enka b 001 0 eng
010 ## - LIBRARY OF CONGRESS CONTROL NUMBER
LC control number 2007278693
020 ## - INTERNATIONAL STANDARD BOOK NUMBER
International Standard Book Number 9780521870948
020 ## - INTERNATIONAL STANDARD BOOK NUMBER
International Standard Book Number 0521870941
020 ## - INTERNATIONAL STANDARD BOOK NUMBER
International Standard Book Number 9780521691413
035 ## - SYSTEM CONTROL NUMBER
System control number (OCoLC)ocn132288187
040 ## - CATALOGING SOURCE
Original cataloging agency MUST
Transcribing agency MUST
082 04 - DEWEY DECIMAL CLASSIFICATION NUMBER
Classification number 516.35 HAS 2007,
Edition number 20
100 1# - MAIN ENTRY--PERSONAL NAME
Personal name Hassett, Brendan.
9 (RLIN) 17700
245 10 - TITLE STATEMENT
Title Introduction to algebraic geometry /
Statement of responsibility, etc. Brendan Hassett.
260 ## - PUBLICATION, DISTRIBUTION, ETC. (IMPRINT)
Place of publication, distribution, etc. Cambridge ;
-- New York :
Name of publisher, distributor, etc. Cambridge University Press,
Date of publication, distribution, etc. 2007.
300 ## - PHYSICAL DESCRIPTION
Extent xii, 252 p. :
Other physical details ill. ;
Dimensions 25 cm.
504 ## - BIBLIOGRAPHY, ETC. NOTE
Bibliography, etc Includes bibliographical references and index.
650 #0 - SUBJECT ADDED ENTRY--TOPICAL TERM
Topical term or geographic name as entry element Geometry, Algebraic.
9 (RLIN) 17295
856 42 - ELECTRONIC LOCATION AND ACCESS
Materials specified Contributor biographical information
Uniform Resource Identifier <a href="http://www.loc.gov/catdir/enhancements/fy0729/2007278693-b.html">http://www.loc.gov/catdir/enhancements/fy0729/2007278693-b.html</a>
856 42 - ELECTRONIC LOCATION AND ACCESS
Materials specified Publisher description
Uniform Resource Identifier <a href="http://www.loc.gov/catdir/enhancements/fy0729/2007278693-d.html">http://www.loc.gov/catdir/enhancements/fy0729/2007278693-d.html</a>
856 41 - ELECTRONIC LOCATION AND ACCESS
Materials specified Table of contents only
Uniform Resource Identifier <a href="http://www.loc.gov/catdir/enhancements/fy0729/2007278693-t.html">http://www.loc.gov/catdir/enhancements/fy0729/2007278693-t.html</a>
942 ## - ADDED ENTRY ELEMENTS (KOHA)
Source of classification or shelving scheme Dewey Decimal Classification
Koha item type Open Shelf
Holdings
Withdrawn status Lost status Source of classification or shelving scheme Damaged status Not for loan Home library Current library Source of acquisition Inventory number Total Checkouts Full call number Barcode Date last seen Koha item type
    Dewey Decimal Classification     MUST Main Library MUST Main Library Donation 10/32185   516.35 HAS 2007, 2024-21120 24/06/2024 Open Shelf